000 00277nam a2200121 a 4500
005 20141022141959.0
008 120306s19uu xx 00 eng d
050 _aCD
_bM58 2005
100 _aRankins, Ray
245 _aMicrosoft SQL server.
260 _c2005.
942 _cAVM
999 _c276136
_d276136